Programming in BASIC for Business

Gespeichert in:
Bibliographische Detailangaben
1. Verfasser: Bosworth, Bruce
Weitere Verfasser: Nagel, Harry L.
Format: Buch
Sprache:Englisch
Veröffentlicht: Chicago Science Research Associates 1985
Ausgabe:3. ed.
Schlagworte:
Tags: Tag hinzufügen
Keine Tags, Fügen Sie das erste Tag hinzu!

MARC

LEADER 00000nam a2200000 4500
001 c003946
005 20221220081529.4
020 |a 0-574-21745-2 
041 0 |a eng 
044 |a US 
245 1 0 |a Programming in BASIC for Business  |c Bruce Bosworth, Harry L. Nagel 
250 |a 3. ed. 
264 1 |a Chicago  |b Science Research Associates  |c 1985 
300 |a 404 s. 
610 2 0 |a programovanie 
610 2 0 |a BASIC 
610 2 0 |a podnikanie 
610 2 0 |a jazyky programovacie 
610 2 0 |a spracovanie dát 
100 1 |a Bosworth, Bruce 
700 1 |a Nagel, Harry L.